01406nas a2200265Ia 4500001001100000003000900011008004100020040001300061040001300074041001300087100004300100210004200143222004200185245014700227250001100374260004000385501008600425300001900511362005600530500026400586650004300850942000700893999001900900952022100919R144/C1065IT-RoPAU151124c99999999xx |||||||||||| ||und|| aIT-RoPAU cIT-RoPAU aFRANCESE aLange Andre'gCodice Aut. SPICS: 20916 aQUADERNI-LA REVUE DE LA COMMUNICATION aQuaderni-La Revue De La Communication aQUADERNI, N.019 (1993) - ENJEUX EUROPEENS DE LA COMMUNICATIONbDescartes, C'Est la Hollande. La Communaute' Europeenne: Culture Et Audiovisuel a1a ed. aCOLOMBES (FRANCIA)bAZ PRESSEc1993 bPaulus - SPICS - Società San Paolo EM (non-commercial uses only)cCopyright2015 a34 p. [83-116] aN.019 (1993) - ENJEUX EUROPEENS DE LA COMMUNICATION aComunità Europea: Cultura e Audiovisivo. Difficili Interventi della Comunità nel Settore Culturale. Verso una Formalizzazione dell'Azione Culturalecomunitaria. Aspetti Contraddittori della Politica Comunitaria nel Settoreculturale. Articolo 128 del Tratta aCOMUNICAZIONEvPUBBLICAZIONE PERIODICA cCR c188690d188690 0010406R_144_000000000000000_C106571aSPICSbSPICSd2015-11-25l0oR144/C1065r2015-11-25 00:00:00w2015-11-25yCRzProgr. Ins: 61683 / Copia rara: NO / date import: 25.11.2015 / By Epidotti, Trombetti, Vaglietti